000
00320nam a2200121Ia 4500
008
231129s1984||||xx |||||||||||||| ||spa||
082
_a
HAJ- 0235
100
_a
Consuegra Higgins José
245
0
_a
El pensamiento económico colombiano
260
_c
1984
264
_a
Bogotá: Plaza & Janés 1984
942
_2
ddc
_c
BKS
999
_c
12030
_d
12030